Sports Quiz

Random Sports or NFL Quiz

Not so Super QBs Quiz Stats

 Plays Quiz not verified by Sporcle

Score 0/27 Timer 05:00
0 Plays Today
Team Quarterback % Correct
New York GiantsPhil Simms
92.9%
New England PatriotsDrew Bledsoe
92.9%
Oakland RaidersRich Gannon
92.9%
Tampa Bay BuccaneersBrad Johnson
91.7%
Baltimore RavensTrent Dilfer
91.3%
Tennessee TitansSteve McNair
90.4%
Washington RedskinsDoug Williams
88.8%
Cincinnati BengalsBoomer Esiason
88.8%
Chicago BearsJim McMahon
87.1%
Oakland/Los Angeles RaidersJim Plunkett
84.6%
Cincinnati BengalsKen Anderson
83.8%
Washington RedskinsMark Rypien
83.8%
Oakland RaidersKen Stabler
81.7%
Philadelphia EaglesRon Jaworski
81.3%
Team Quarterback % Correct
Washington RedskinsJoe Theismann
79.2%
Pittsburgh SteelersNeil O'Donnell
77.1%
Atlanta FalconsChris Chandler
75.8%
New England PatriotsTony Eason
73.8%
San Diego ChargersStan Humphries
73.3%
Baltimore ColtsEarl Morrall
68.3%
Oakland RaidersDaryle Lamonica
67.5%
Dallas Cowboys/Denver BroncosCraig Morton
67.5%
Los Angeles RamsVince Ferragamo
57.9%
Minnesota VikingsJoe Kapp
57.5%
Miami DolphinsDavid Woodley
54.2%
Washington RedskinsBill Kilmer
52.1%
New York GiantsJeff Hostetler
47.1%

You're not logged in!

Compare scores with friends on all Sporcle quizzes.
OR
Log In

Show Comments

Extras

Top Quizzes Today


Score Distribution

Your Account Isn't Verified!

In order to create a playlist on Sporcle, you need to verify the email address you used during registration. Go to your Sporcle Settings to finish the process.

Report this User

Report this user for behavior that violates our Community Guidelines.

Details: